000 00732nam a2200229Ia 4500
003 OSt
005 20220923221913.0
006 a|||||r|||| 00| 0
007 ta
008 220922b |||||||| |||| 00| 0 urd d
024 _a200,952
037 _cTextual
040 _aARTS
_cARTS
_burd
041 _2urd
_aurd
082 _aO168:gN5, 152K9
100 _aपूर्ण मासी राय
_9156266
245 0 _aउर्दू आलोचना स्वरूप और विकास
246 _aUrdū ālochanā svarūp aur vikāsa
650 _aउर्दू साहित्य
942 _hO168:gN5, 152K9
_cTEXL
_2CC
999 _c352615
_d352615